000 00286nam a22001337a 4500
008 170425b xxu||||| |||| 00| 0 eng d
020 _a9780030367861
041 _aeng
080 _a54
100 _a12
101 _aSHM
245 _aMODERN CHEMISTRY
_cDAVIS.R.E
942 _2udc
_cBK
999 _c11976
_d11976